| 000 | 00332nam a2200133Ia 4500 | ||
|---|---|---|---|
| 005 | 20251222144852.0 | ||
| 008 | 251222s9999||||xx |||||||||||||| ||spa|| | ||
| 020 | _a978-88-430-3095-8 | ||
| 082 | _a458.37/F81 | ||
| 100 | _aFratter, Ivana | ||
| 245 | 0 | _aTecnologie per L'insegnamento Delle Lingue | |
| 264 | _bCarocci | ||
| 942 | _cLIB | ||
| 999 |
_c21656 _d21656 |
||